[Event "Aeroflot Open B 2015"]
[Site "Moscú RUS"]
[Date "2015.03.28"]
[Round "2.8"]
[White "Firat, Burak"]
[Black "Baghdasaryan, Vahe"]
[Result "1/2-1/2"]
[WhiteElo "2478"]
[BlackElo "2400"]
[PlyCount "69"]
[EventDate "2015.03.27"]
[EventRounds "9"]
[EventCountry "RUS"]
[Source "lmi"]
[SourceDate "2015.03.27"]

1. e4 c5 2. Nf3 e6 3. d4 cxd4 4. Nxd4 Nc6 5. Nc3 Nf6 6. Ndb5 Bc5 7. Bf4 O-O 8.
Bc7 Qe7 9. Bd6 Bxd6 10. Qxd6 Qd8 11. Nc7 Rb8 12. Be2 b5 13. e5 b4 14. exf6 bxc3
15. fxg7 Kxg7 16. b3 Rg8 17. h4 Qf6 18. Rh3 Kh8 19. Rf3 Qd4 20. Rd1 Qxd6 21.
Rxd6 Rxg2 22. Rxc3 Rg1+ 23. Kd2 Rg2 24. Bf3 Rxf2+ 25. Ke1 Rh2 26. Bxc6 dxc6 27.
Rd8+ Kg7 28. Ne8+ Kh6 29. Nd6 Rb4 30. Rg3 Rf4 31. Rxc8 Rxc2 32. Rcg8 Rff2 33.
R8g7 Rce2+ 34. Kd1 Rd2+ 35. Ke1 1/2-1/2

[Event "Aeroflot Open B 2015"]
[Site "Moscú RUS"]
[Date "2015.03.28"]
[Round "2.9"]
[White "Le, Tuan Minh"]
[Black "Gordievsky, Dmitry"]
[Result "1-0"]
[WhiteElo "2393"]
[BlackElo "2472"]
[PlyCount "145"]
[EventDate "2015.03.27"]
[EventRounds "9"]
[EventCountry "RUS"]
[Source "lmi"]
[SourceDate "2015.03.27"]

1. d4 Nf6 2. c4 e6 3. Nf3 b6 4. a3 Ba6 5. Qc2 Bb7 6. Nc3 c5 7. dxc5 bxc5 8. Bg5
Be7 9. e3 d6 10. Be2 Nbd7 11. O-O O-O 12. Rfd1 Qb6 13. Rab1 a5 14. Bf4 Rfd8 15.
h3 Nf8 16. Rd2 Ng6 17. Bg3 Rd7 18. Rbd1 Rad8 19. Ng5 Ne8 20. h4 Nf8 21. Na4 Qa7
22. Nc3 Qa8 23. Bf3 Bxf3 24. Nxf3 Nf6 25. Ng5 Qc6 26. Nce4 Nh5 27. Bh2 d5 28.
Ng3 Nxg3 29. Bxg3 Bxg5 30. hxg5 a4 31. Be5 Ng6 32. cxd5 exd5 33. Bd4 Rc8 34.
Rc1 Rdc7 35. Bc3 Rd7 36. Qd1 d4 37. Bxd4 Rd5 38. Qg4 Ne5 39. Qe4 Nd7 40. Bc3
Rxd2 41. Qxc6 Rxc6 42. Bxd2 Ne5 43. Bc3 Nd3 44. Rc2 Rg6 45. f4 h6 46. Rd2 c4
47. gxh6 Rxh6 48. Rc2 f5 49. Bd4 Rc6 50. Kf1 Kf7 51. g3 Ke6 52. Rh2 Kd5 53. Rh8
Rh6 54. Re8 Rh2 55. Bxg7 Rf2+ 56. Kg1 Rc2 57. Bd4 Re2 58. g4 fxg4 59. f5 g3 60.
f6 Rf2 61. Rg8 Rf3 62. Bc3 Rf2 63. Rxg3 Ke4 64. Bd4 Rf5 65. Rg4+ Kf3 66. Rg2
Ke4 67. Rg7 Kf3 68. f7 Nc1 69. Bc5 Ne2+ 70. Kf1 Ng3+ 71. Ke1 c3 72. f8=Q Rxf8
73. Bxf8 1-0

[Event "Aeroflot Open B 2015"]
[Site "Moscú RUS"]
[Date "2015.03.28"]
[Round "2.10"]
[White "Potapov, Pavel"]
[Black "Demianjuk, Alexander"]
[Result "1-0"]
[WhiteElo "2471"]
[BlackElo "2340"]
[PlyCount "71"]
[EventDate "2015.03.27"]
[EventRounds "9"]
[EventCountry "RUS"]
[Source "lmi"]
[SourceDate "2015.03.27"]

1. e4 c5 2. c3 Nf6 3. e5 Nd5 4. Bc4 Nb6 5. Bb3 c4 6. Bc2 Nc6 7. Nf3 d6 8. exd6
Qxd6 9. O-O g6 10. b3 Bg7 11. Na3 cxb3 12. axb3 O-O 13. d4 Bg4 14. Nc4 Qd5 15.
Ne3 Bxf3 16. gxf3 Qh5 17. f4 Qxd1 18. Rxd1 e6 19. Be4 Rfd8 20. Bd2 h5 21. Bxc6
bxc6 22. Ra6 Bh6 23. Ng2 Rac8 24. Rxa7 c5 25. Rb7 cxd4 26. c4 Rb8 27. Rxb8 Rxb8
28. Ba5 Bg7 29. Ne1 Nc8 30. b4 Ne7 31. b5 Rc8 32. Bb4 Kf8 33. Rc1 Rb8 34. Bd6
Rb7 35. c5 Ke8 36. c6 1-0

[Event "Aeroflot Open B 2015"]
[Site "Moscú RUS"]
[Date "2015.03.28"]
[Round "2.11"]
[White "Lorparizangeneh, Shahin"]
[Black "Yuffa, Daniil"]
[Result "0-1"]
[WhiteElo "2319"]
[BlackElo "2471"]
[PlyCount "88"]
[EventDate "2015.03.27"]
[EventRounds "9"]
[EventCountry "RUS"]
[Source "lmi"]
[SourceDate "2015.03.27"]

1. d4 Nf6 2. c4 g6 3. Nc3 Bg7 4. e4 d6 5. f3 O-O 6. Be3 c5 7. Nge2 Nc6 8. d5
Ne5 9. Ng3 a6 10. Be2 b5 11. cxb5 Qa5 12. O-O Bd7 13. a4 Qb4 14. Qc2 Nc4 15.
Bxc4 Qxc4 16. b3 Qb4 17. Na2 Qa5 18. b6 e6 19. b4 cxb4 20. Qb3 exd5 21. Qxb4
Qxa4 22. Rfb1 Qxb4 23. Nxb4 Bb5 24. Ra5 Rfb8 25. exd5 Rb7 26. Ne4 Nxe4 27. fxe4
f5 28. Nc6 Bd3 29. Rd1 fxe4 30. Ra3 Bb5 31. Na5 Rf7 32. b7 Rb8 33. Rc1 Rfxb7
34. Nxb7 Bb2 35. Ba7 Bxc1 36. Bxb8 Bxa3 37. Bxd6 Bxd6 38. Nxd6 e3 39. g3 Kf8
40. Kg2 Ke7 41. Ne4 Bc4 42. Nc3 Kd6 43. Kf3 e2 44. Kf2 a5 0-1

[Event "Aeroflot Open B 2015"]
[Site "Moscú RUS"]
[Date "2015.03.28"]
[Round "2.12"]
[White "Yilmazyerli, Mert"]
[Black "Abdulov, Orkhan"]
[Result "1/2-1/2"]
[WhiteElo "2464"]
[BlackElo "2337"]
[PlyCount "104"]
[EventDate "2015.03.27"]
[EventRounds "9"]
[EventCountry "RUS"]
[Source "lmi"]
[SourceDate "2015.03.27"]

1. e4 e6 2. d4 d5 3. Nc3 dxe4 4. Nxe4 Nd7 5. Nf3 Ngf6 6. Bd3 Nxe4 7. Bxe4 Nf6
8. Bg5 Be7 9. Bxf6 Bxf6 10. Qd3 Qd6 11. O-O-O a6 12. Kb1 Rb8 13. Bxh7 g6 14.
Bxg6 fxg6 15. Qxg6+ Ke7 16. Ne5 Bxe5 17. dxe5 Qxe5 18. Rhe1 Qf6 19. Qg3 Bd7 20.
Qxc7 Rbd8 21. Rd6 Ke8 22. Qxb7 Rxh2 23. Qxa6 Rh7 24. Qb6 Re7 25. Red1 Rc8 26.
R6d3 Qe5 27. Qd4 Qxd4 28. Rxd4 e5 29. Rh4 Rc6 30. Rh8+ Kf7 31. Rh7+ Ke6 32.
Rxe7+ Kxe7 33. b3 Rg6 34. g3 Ke6 35. f4 Rxg3 36. fxe5 Be8 37. Rd2 Re3 38. Kb2
Rxe5 39. c4 Bh5 40. Kc3 Re2 41. Rxe2+ Bxe2 42. Kb4 Kd6 43. Kb5 Kc7 44. a4 Bd1
45. b4 Kb7 46. a5 Be2 47. Kc5 Ka6 48. Kd5 Bf1 49. b5+ Kxa5 50. Kc6 Bxc4 51. b6
Bd5+ 52. Kxd5 Kxb6 1/2-1/2

[Event "Aeroflot Open B 2015"]
[Site "Moscú RUS"]
[Date "2015.03.28"]
[Round "2.13"]
[White "Hakobyan, Aram"]
[Black "Lin, Chen"]
[Result "0-1"]
[WhiteElo "2283"]
[BlackElo "2448"]
[PlyCount "104"]
[EventDate "2015.03.27"]
[EventRounds "9"]
[EventCountry "RUS"]
[Source "lmi"]
[SourceDate "2015.03.27"]

1. Nf3 Nf6 2. d4 g6 3. Bf4 Bg7 4. e3 O-O 5. h3 d5 6. Be2 c5 7. c3 Nc6 8. O-O b6
9. Nbd2 Bb7 10. Ne5 Nd7 11. Nxd7 Qxd7 12. Nf3 Rad8 13. Qd2 Rfe8 14. Rfd1 Qf5
15. Bd3 Qc8 16. Be2 Ba6 17. Bg3 Na5 18. b3 Bxe2 19. Qxe2 e6 20. Rac1 c4 21. b4
Nc6 22. Bh4 Rd7 23. b5 Ne7 24. Ne5 Rb7 25. Ng4 Rf8 26. Nf6+ Kh8 27. e4 Ng8 28.
Nxg8 Kxg8 29. e5 Qd7 30. Rb1 Ra8 31. a4 a6 32. Qb2 axb5 33. axb5 Rba7 34. Ra1
h6 35. Bf6 Bf8 36. g3 Ra5 37. Rxa5 Rxa5 38. Rb1 Qa7 39. Qe2 Ra3 40. Rc1 Rxc3
41. Rd1 Qa4 42. h4 Rc2 43. Qf1 h5 44. g4 hxg4 45. h5 gxh5 46. Ra1 Ra2 47. Rxa2
Qxa2 48. Qc1 Kh7 49. Bd8 Bh6 50. Qd1 Qb3 51. Qa1 c3 52. Qa7 Qd1+ 0-1

[Event "Aeroflot Open B 2015"]
[Site "Moscú RUS"]
[Date "2015.03.28"]
[Round "2.14"]
[White "Neelotpal, Das"]
[Black "Vojinovic, Jovana"]
[Result "1-0"]
[WhiteElo "2446"]
[BlackElo "2284"]
[PlyCount "91"]
[EventDate "2015.03.27"]
[EventRounds "9"]
[EventCountry "RUS"]
[Source "lmi"]
[SourceDate "2015.03.27"]

1. e4 d6 2. d4 Nf6 3. Nc3 e5 4. Nf3 exd4 5. Nxd4 Be7 6. Bf4 O-O 7. Be2 Re8 8.
Qd2 Bf8 9. f3 a6 10. O-O-O b5 11. g4 Bb7 12. Nf5 Nc6 13. g5 Nd7 14. Nd5 Nce5
15. h4 Bxd5 16. exd5 Nb6 17. h5 Qd7 18. Ng3 c5 19. h6 c4 20. Qd4 Na4 21. Nh5
Qa7 22. Qxa7 Rxa7 23. hxg7 Bxg7 24. Nxg7 Kxg7 25. Be3 Nd3+ 26. Rxd3 cxd3 27.
Bd4+ Kg8 28. Bxd3 Rae7 29. Bxh7+ Kf8 30. Be4 Re5 31. Rh8+ Ke7 32. Bxe5 dxe5 33.
Rh7 Nc5 34. g6 Rf8 35. Kd2 Nb7 36. Rxf7+ Rxf7 37. gxf7 Kxf7 38. Kc3 Ke7 39. Kb3
Kd6 40. a4 bxa4+ 41. Kxa4 Kc5 42. b4+ Kd4 43. Bd3 Nd6 44. Bxa6 Kxd5 45. c4+ Kc6
46. c5 1-0

[Event "Aeroflot Open B 2015"]
[Site "Moscú RUS"]
[Date "2015.03.28"]
[Round "2.15"]
[White "Guliyev, Namig"]
[Black "Liu, Chang"]
[Result "1/2-1/2"]
[WhiteElo "2539"]
[BlackElo "2357"]
[PlyCount "118"]
[EventDate "2015.03.27"]
[EventRounds "9"]
[EventCountry "RUS"]
[Source "lmi"]
[SourceDate "2015.03.27"]

1. e4 d6 2. d4 g6 3. Nc3 Bg7 4. Nf3 Nf6 5. Be2 c6 6. a4 O-O 7. O-O Bg4 8. Be3
Nbd7 9. Qd2 Qc7 10. h3 Bxf3 11. Bxf3 e6 12. g3 Rfc8 13. Bg2 d5 14. e5 Ne8 15.
Ne2 a5 16. b3 b5 17. axb5 cxb5 18. Ra2 a4 19. Rfa1 Qc6 20. Nf4 Bf8 21. Nd3 Nb6
22. Bf1 Nc7 23. Nb4 Qd7 24. Qe1 Ra7 25. Bd2 Rca8 26. Bd3 Nc8 27. Kg2 Ne7 28. g4
Nc8 29. h4 Ne7 30. Qe2 Nc6 31. Nxc6 Qxc6 32. h5 Qb6 33. Qe3 axb3 34. Rxa7 Rxa7
35. Rxa7 b2 36. Rxc7 b1=Q 37. Rc8 Qa6 38. Rxf8+ Kxf8 39. Qh6+ Ke8 40. Qxh7 Qaa1
41. Qg8+ Kd7 42. Qxf7+ Kd8 43. Bg5+ Kc8 44. Qxe6+ Kb8 45. Qg8+ Ka7 46. Qh7+ Kb8
47. hxg6 Qg1+ 48. Kf3 Qad1+ 49. Be2 Qxd4 50. Qg8+ Kb7 51. Qf7+ Ka6 52. Qe6+ Ka5
53. Bd8+ Kb4 54. Qd6+ Kc3 55. Qa3+ Kxc2 56. Qa2+ Kc3 57. Qa3+ Kc2 58. Qa2+ Kc3
59. Qa3+ Kc2 1/2-1/2

[Event "Aeroflot Open B 2015"]
[Site "Moscú RUS"]
[Date "2015.03.28"]
[Round "2.16"]
[White "Kanter, Eduard"]
[Black "Sivuk, Vitaly"]
[Result "1/2-1/2"]
[WhiteElo "2349"]
[BlackElo "2527"]
[PlyCount "53"]
[EventDate "2015.03.27"]
[EventRounds "9"]
[EventCountry "RUS"]
[Source "lmi"]
[SourceDate "2015.03.27"]

1. d4 Nf6 2. c4 e6 3. Nf3 b6 4. a3 Ba6 5. Qb3 Be7 6. Nc3 d5 7. cxd5 exd5 8. Bg5
c6 9. Bxf6 Bxf6 10. e4 Bxf1 11. Rxf1 dxe4 12. Nxe4 O-O 13. O-O-O Be7 14. Ne5
Qd5 15. Qxd5 cxd5 16. Nc3 Rd8 17. Rfe1 Bf8 18. Kb1 f6 19. Nd3 Nc6 20. Nf4 Rd7
21. Ne6 Re8 22. Nxf8 Kxf8 23. Rxe8+ Kxe8 24. Kc2 Kf7 25. Kd3 h5 26. Rc1 Ne7 27.
Nb5 1/2-1/2

[Event "Aeroflot Open B 2015"]
[Site "Moscú RUS"]
[Date "2015.03.28"]
[Round "2.17"]
[White "Kharchenko, Boris"]
[Black "Gevorgyan, David"]
[Result "1-0"]
[WhiteElo "2514"]
[BlackElo "2386"]
[PlyCount "117"]
[EventDate "2015.03.27"]
[EventRounds "9"]
[EventCountry "RUS"]
[Source "lmi"]
[SourceDate "2015.03.27"]

1. e4 e5 2. Nf3 Nc6 3. d4 exd4 4. Nxd4 Bb4+ 5. c3 Bc5 6. Be3 Bb6 7. Bd3 Nge7 8.
O-O O-O 9. Nxc6 Nxc6 10. Bxb6 axb6 11. f4 d6 12. Nd2 Qh4 13. Nc4 Ne7 14. Ne3
Ra5 15. Qc2 Ng6 16. Nd5 Qd8 17. a3 Ne7 18. Ne3 c6 19. Rad1 b5 20. Qf2 Qc7 21.
f5 f6 22. Bb1 c5 23. Qf4 Ra6 24. Rd2 c4 25. Rfd1 Rd8 26. Nc2 Qc5+ 27. Qf2 Qxf2+
28. Kxf2 Kf8 29. Nb4 Rb6 30. g4 h6 31. Bc2 Ke8 32. Ke3 Nc6 33. Nd5 Ra6 34. Nc7+
Ke7 35. Nxa6 bxa6 36. a4 Ne5 37. axb5 axb5 38. Rd5 Bd7 39. Ra1 Nxg4+ 40. Kf4
Ne5 41. Ra7 Rb8 42. Rd1 g5+ 43. fxg6 Nxg6+ 44. Ke3 Ne5 45. Rg1 Kf8 46. b4 Kf7
47. Bd1 f5 48. exf5 Kf6 49. Ra6 Nf7 50. Bh5 Bc8 51. Rg8 Bxa6 52. Rxb8 Ne5 53.
Rb6 Bc8 54. Rxd6+ Kxf5 55. Rxh6 Be6 56. Rh8 Nd7 57. Be8 Nf6 58. Kd4 Ng4 59.
Bxb5 1-0

[Event "Aeroflot Open B 2015"]
[Site "Moscú RUS"]
[Date "2015.03.28"]
[Round "2.18"]
[White "Nazarenus, Moritz"]
[Black "Evdokimov, Alexander A"]
[Result "0-1"]
[WhiteElo "2217"]
[BlackElo "2505"]
[PlyCount "36"]
[EventDate "2015.03.27"]
[EventRounds "9"]
[EventCountry "RUS"]
[Source "lmi"]
[SourceDate "2015.03.27"]

1. d4 Nf6 2. c4 e6 3. Nf3 b6 4. a3 Ba6 5. Qc2 Bb7 6. Nc3 c5 7. e4 cxd4 8. Nxd4
Bc5 9. Nb3 Nc6 10. Bf4 O-O 11. Rd1 e5 12. Bg5 Nd4 13. Nxd4 Bxd4 14. Bd3 h6 15.
Bd2 Ng4 16. Nb5 Qh4 17. Bc1 Bxf2+ 18. Ke2 f5 0-1

[Event "Aeroflot Open B 2015"]
[Site "Moscú RUS"]
[Date "2015.03.28"]
[Round "2.19"]
[White "Papin, Vasily"]
[Black "Kathmale, Sameer"]
[Result "1/2-1/2"]
[WhiteElo "2501"]
[BlackElo "2322"]
[PlyCount "80"]
[EventDate "2015.03.27"]
[EventRounds "9"]
[EventCountry "RUS"]
[Source "lmi"]
[SourceDate "2015.03.27"]

1. Nf3 Nf6 2. c4 c6 3. Nc3 d5 4. e3 a6 5. Qc2 e6 6. d4 c5 7. cxd5 exd5 8. Be2
Be6 9. O-O Nc6 10. dxc5 Bxc5 11. Rd1 Qe7 12. a3 O-O 13. b4 Ba7 14. b5 axb5 15.
Nxb5 Bc5 16. Bb2 Ne4 17. Nc3 Bxa3 18. Rxa3 Rxa3 19. Bxa3 Qxa3 20. Nxe4 dxe4 21.
Qxe4 Qc5 22. Qb1 Rb8 23. Rc1 Qb4 24. Qxb4 Nxb4 25. Nd4 Bd5 26. f3 Nc6 27. Nb5
Nd8 28. Rc5 Bc6 29. Nd4 Ra8 30. Bc4 g6 31. g4 Kf8 32. Kf2 Ra3 33. Bb3 Ke7 34.
Rc1 Ra5 35. e4 h5 36. h3 hxg4 37. hxg4 Bd7 38. Bd5 Kd6 39. Rd1 Ke7 40. Rc1 Kd6
1/2-1/2

[Event "Aeroflot Open B 2015"]
[Site "Moscú RUS"]
[Date "2015.03.28"]
[Round "2.20"]
[White "Badmatsyrenov, Oleg"]
[Black "Vuilleumier, Alexandre"]
[Result "1-0"]
[WhiteElo "2468"]
[BlackElo "2349"]
[PlyCount "109"]
[EventDate "2015.03.27"]
[EventRounds "9"]
[EventCountry "RUS"]
[Source "lmi"]
[SourceDate "2015.03.27"]

1. e4 c5 2. Nf3 d6 3. d4 cxd4 4. Nxd4 Nf6 5. Nc3 g6 6. Be3 Bg7 7. f3 O-O 8. Bc4
Nc6 9. Qd2 Bd7 10. O-O-O Rc8 11. Bb3 Ne5 12. Kb1 Nc4 13. Bxc4 Rxc4 14. h4 h5
15. Nde2 Qb8 16. Bh6 Rfc8 17. Bxg7 Kxg7 18. g4 hxg4 19. h5 Rh8 20. Nf4 e5 21.
h6+ Kf8 22. Nfd5 Nxd5 23. Nxd5 Be6 24. Qg5 Bxd5 25. Rxd5 Rh7 26. fxg4 Rxe4 27.
Qd2 Rxg4 28. Rxd6 Rd4 29. Rxd4 exd4 30. Qb4+ Kg8 31. Qxd4 Qf8 32. Qf4 f6 33. b3
g5 34. Qc4+ Qf7 35. Qc5 b6 36. Qc6 Qf8 37. Rd1 Re7 38. Qd5+ Kh7 39. Qf5+ Kh8
40. Rd3 Re1+ 41. Kb2 Re7 42. a4 Rc7 43. Re3 Re7 44. Rc3 Re5 45. Qg6 Re7 46. Ka2
Rd7 47. Rc4 Rf7 48. Rc6 g4 49. Qxg4 Qxh6 50. Rc8+ Rf8 51. Rc3 f5 52. Qg2 Rg8
53. Qf1 Qf6 54. Qh1+ Kg7 55. Rc7+ 1-0

[Event "Aeroflot Open B 2015"]
[Site "Moscú RUS"]
[Date "2015.03.28"]
[Round "2.21"]
[White "Kashlinskaya, Alina"]
[Black "Ruecker, Benjamin"]
[Result "1-0"]
[WhiteElo "2436"]
[BlackElo "2269"]
[PlyCount "113"]
[EventDate "2015.03.27"]
[EventRounds "9"]
[EventCountry "RUS"]
[Source "lmi"]
[SourceDate "2015.03.27"]

1. d4 Nf6 2. c4 g6 3. Nf3 Bg7 4. g3 O-O 5. Bg2 d6 6. Nc3 Nc6 7. O-O a6 8. h3
Bd7 9. e4 e5 10. d5 Nd4 11. Nxd4 exd4 12. Qxd4 Qc8 13. h4 Ng4 14. Qd1 b5 15. f3
Ne5 16. c5 b4 17. c6 Bxc6 18. dxc6 bxc3 19. bxc3 Nxc6 20. Be3 Qe6 21. f4 Qc4
22. Rc1 Rab8 23. Qd5 Qxd5 24. exd5 Rfe8 25. Rfe1 Na5 26. Ba7 Ra8 27. Rxe8+ Rxe8
28. Bf1 Nb7 29. Rb1 Nc5 30. Bxc5 dxc5 31. Rb7 Bxc3 32. Rxc7 Rd8 33. Bc4 Rd6 34.
Kg2 Bb4 35. Rc6 Rxc6 36. dxc6 Ba5 37. Bxa6 Kf8 38. g4 h6 39. g5 hxg5 40. hxg5
Ke7 41. Bd3 Bd8 42. Kf3 Kd6 43. Bc4 f6 44. f5 fxg5 45. fxg6 Bf6 46. Bd5 c4 47.
Bxc4 Kxc6 48. Kg4 Kd6 49. Kf5 Ke7 50. a4 g4 51. Kxg4 Bc3 52. Kg5 Bd2+ 53. Kf5
Kf8 54. Ke6 Kg7 55. Bd3 Bc3 56. Kd5 Kf6 57. Kc4 1-0

[Event "Aeroflot Open B 2015"]
[Site "Moscú RUS"]
[Date "2015.03.28"]
[Round "2.22"]
[White "Utegaliyev, Azamat"]
[Black "Kulkarni, Rakesh"]
[Result "1-0"]
[WhiteElo "2431"]
[BlackElo "2282"]
[PlyCount "59"]
[EventDate "2015.03.27"]
[EventRounds "9"]
[EventCountry "RUS"]
[Source "lmi"]
[SourceDate "2015.03.27"]

1. e4 c5 2. Nc3 a6 3. g3 b5 4. Bg2 Bb7 5. d3 g6 6. f4 Bg7 7. Nf3 e6 8. h4 Ne7
9. h5 d5 10. e5 Nbc6 11. Be3 d4 12. Ne4 Nxe5 13. h6 Nxf3+ 14. Qxf3 Kf8 15.
hxg7+ Kxg7 16. f5 dxe3 17. f6+ Kf8 18. fxe7+ Qxe7 19. Qxe3 f5 20. O-O Rc8 21.
Ng5 Bxg2 22. Nxe6+ Ke8 23. Kxg2 Kd7 24. Rae1 Rhe8 25. Qf3 Rc6 26. Qd5+ Qd6 27.
Nxc5+ Rxc5 28. Qxd6+ Kxd6 29. Rxe8 Rxc2+ 30. Rf2 1-0

[Event "Aeroflot Open B 2015"]
[Site "Moscú RUS"]
[Date "2015.03.28"]
[Round "2.23"]
[White "Palit, Somak"]
[Black "Baterdene, Tsogbayar"]
[Result "1-0"]
[WhiteElo "2415"]
[BlackElo "2196"]
[PlyCount "103"]
[EventDate "2015.03.27"]
[EventRounds "9"]
[EventCountry "RUS"]
[Source "lmi"]
[SourceDate "2015.03.27"]

1. Nf3 d5 2. b3 Nf6 3. Bb2 g6 4. c4 c6 5. g3 Bg7 6. Bg2 O-O 7. d3 Nbd7 8. Qc2
Re8 9. O-O e5 10. cxd5 Nxd5 11. Nbd2 N7b6 12. Rfd1 Qe7 13. a3 Bg4 14. h3 Bxf3
15. Bxf3 h5 16. h4 Nf6 17. Rac1 Ng4 18. Ne4 Bh6 19. Rb1 f5 20. Nd2 Qe6 21. Nc4
Bg7 22. Nxb6 axb6 23. Qc4 b5 24. Qxe6+ Rxe6 25. Bg2 Kf7 26. Ra1 Bf8 27. Rdc1 f4
28. a4 bxa4 29. Rxa4 Rxa4 30. bxa4 Bh6 31. Rb1 fxg3 32. fxg3 Be3+ 33. Kf1 Bf2
34. Bc3 b6 35. Bf3 Be3 36. Kg2 Nf6 37. a5 bxa5 38. Rb7+ Kg8 39. Bxa5 Nd5 40.
Rd7 Nb6 41. Rc7 Rf6 42. Rxc6 Rxc6 43. Bxc6 Nc8 44. Kf3 Bc5 45. Bc3 Ne7 46. Bd7
Bd6 47. Ke4 Nf5 48. Bxf5 gxf5+ 49. Kd5 Bf8 50. Ke6 e4 51. Kxf5 exd3 52. exd3
1-0

[Event "Aeroflot Open B 2015"]
[Site "Moscú RUS"]
[Date "2015.03.28"]
[Round "2.24"]
[White "Golubov, Saveliy"]
[Black "Korchmar, Vasiliy"]
[Result "1-0"]
[WhiteElo "2362"]
[BlackElo "2405"]
[PlyCount "97"]
[EventDate "2015.03.27"]
[EventRounds "9"]
[EventCountry "RUS"]
[Source "lmi"]
[SourceDate "2015.03.27"]

1. e4 c5 2. Nf3 e6 3. d4 cxd4 4. Nxd4 a6 5. Nc3 d6 6. Be2 Nf6 7. O-O Be7 8. f4
O-O 9. Kh1 Nc6 10. Be3 Qc7 11. Qe1 Nxd4 12. Bxd4 b5 13. a3 Nd7 14. Rd1 Bb7 15.
f5 Bf6 16. Qg3 Bxd4 17. Rxd4 e5 18. Rd3 Nf6 19. Qh4 Qd8 20. Bf3 Rc8 21. Rfd1
Rc6 22. g4 h6 23. Qg3 Rxc3 24. Rxc3 Bxe4 25. Qg2 d5 26. g5 hxg5 27. Qxg5 d4 28.
Rg1 g6 29. Rd3 Qd5 30. Qg2 Kg7 31. fxg6 fxg6 32. Bxe4 Qxe4 33. Rg3 Qxg2+ 34.
R1xg2 e4 35. Rxg6+ Kf7 36. R6g5 Ke6 37. Rf2 e3 38. Rf1 Ke7 39. Kg2 Rc8 40. Rg7+
Ke6 41. Rg6 Rxc2+ 42. Kg3 Ke5 43. Rfxf6 Ke4 44. Rg4+ Kd5 45. Rf8 Rd2 46. Rd8+
Kc4 47. h4 Rd1 48. Kf3 Rf1+ 49. Ke2 1-0

[Event "Aeroflot Open B 2015"]
[Site "Moscú RUS"]
[Date "2015.03.28"]
[Round "2.25"]
[White "Abdyjapar, Asyl"]
[Black "Derakhshani, Dorsa"]
[Result "1/2-1/2"]
[WhiteElo "2400"]
[BlackElo "2169"]
[PlyCount "67"]
[EventDate "2015.03.27"]
[EventRounds "9"]
[EventCountry "RUS"]
[Source "lmi"]
[SourceDate "2015.03.27"]

1. d4 Nf6 2. c4 e6 3. Nc3 Bb4 4. Qc2 O-O 5. a3 Bxc3+ 6. Qxc3 b6 7. Bg5 h6 8.
Bh4 Ba6 9. e3 d5 10. Nf3 Nbd7 11. b4 dxc4 12. Bxc4 Bb7 13. O-O Rc8 14. Rfd1 Ne4
15. Qb3 g5 16. Bg3 Nxg3 17. hxg3 g4 18. d5 b5 19. dxe6 bxc4 20. Qxc4 gxf3 21.
exd7 Rb8 22. Rd4 fxg2 23. Rg4+ Kh7 24. Qd4 f6 25. Rc1 Rf7 26. Qf4 Rxd7 27. e4
Rd1+ 28. Rxd1 Qxd1+ 29. Kxg2 Qd7 30. Rh4 Qg7 31. Rg4 Qd7 32. Rh4 Qg7 33. Rg4
Qd7 34. Rh4 1/2-1/2

[Event "Aeroflot Open B 2015"]
[Site "Moscú RUS"]
[Date "2015.03.28"]
[Round "2.26"]
[White "Pasiev, Rakhim"]
[Black "Gurvich, Vitaly"]
[Result "1-0"]
[WhiteElo "2400"]
[BlackElo "2247"]
[PlyCount "79"]
[EventDate "2015.03.27"]
[EventRounds "9"]
[EventCountry "RUS"]
[Source "lmi"]
[SourceDate "2015.03.27"]

1. e4 c5 2. Nf3 d6 3. c3 Nf6 4. Be2 Nbd7 5. d3 g6 6. Nbd2 Bg7 7. O-O O-O 8. Re1
b6 9. d4 cxd4 10. cxd4 Bb7 11. Bd3 Rc8 12. b3 Rc7 13. Bb2 Qa8 14. a4 Rfc8 15.
a5 bxa5 16. Rxa5 d5 17. e5 Ne4 18. Qa1 Bc6 19. b4 Nb6 20. b5 Nxd2 21. Nxd2 Bd7
22. Ba3 Bf8 23. Bc5 Qb8 24. h4 e6 25. Nb3 Bxc5 26. Nxc5 Rxc5 27. dxc5 Rxc5 28.
Rxa7 h5 29. Qa3 Rc3 30. Qxc3 Qxa7 31. Ra1 Qb8 32. Ra5 Kg7 33. Qc5 Nc8 34. f4
Qb7 35. Be2 Nb6 36. Kh2 Qb8 37. Ra6 Nc4 38. Bxc4 dxc4 39. b6 Bc8 40. Ra7 1-0

[Event "Aeroflot Open B 2015"]
[Site "Moscú RUS"]
[Date "2015.03.28"]
[Round "2.27"]
[White "Kryakvin, Dmitry"]
[Black "Gadimbayli, Abdulla"]
[Result "1-0"]
[WhiteElo "2544"]
[BlackElo "2332"]
[PlyCount "63"]
[EventDate "2015.03.27"]
[EventRounds "9"]
[EventCountry "RUS"]
[Source "lmi"]
[SourceDate "2015.03.27"]

1. d4 Nf6 2. c4 g6 3. Nc3 Bg7 4. e4 d6 5. Be2 O-O 6. Bg5 Na6 7. Qd2 c6 8. Nf3
Nc7 9. d5 cxd5 10. exd5 e6 11. dxe6 Bxe6 12. Rd1 d5 13. Qf4 Bf5 14. Qh4 Ne6 15.
Bc1 Qa5 16. O-O dxc4 17. Bxc4 Rac8 18. Rfe1 Bg4 19. Bd5 b5 20. Bb3 Bxf3 21.
gxf3 Nc5 22. Bg5 Qb6 23. Nd5 Nxd5 24. Bxd5 Na4 25. Be7 Rfe8 26. Qf4 Nxb2 27.
Bxf7+ Kh8 28. Rd6 Qa5 29. Re4 Nc4 30. Bxe8 Rxe8 31. Rd7 Qxa2 32. Bf6 1-0

[Event "Aeroflot Open B 2015"]
[Site "Moscú RUS"]
[Date "2015.03.28"]
[Round "2.28"]
[White "Pavlov, Sergey"]
[Black "Savenkov, Konstantin"]
[Result "1/2-1/2"]
[WhiteElo "2490"]
[BlackElo "2331"]
[PlyCount "106"]
[EventDate "2015.03.27"]
[EventRounds "9"]
[EventCountry "RUS"]
[Source "lmi"]
[SourceDate "2015.03.27"]

1. c4 Nf6 2. Nc3 d6 3. d4 e5 4. Nf3 Nc6 5. g3 exd4 6. Nxd4 Ne5 7. Bg2 c6 8. b3
g6 9. O-O Bg7 10. e4 O-O 11. h3 Re8 12. Be3 Qc7 13. Qc2 a6 14. Rac1 Rb8 15. a4
c5 16. Nde2 b6 17. Rfd1 Bb7 18. Qd2 Rbd8 19. Bg5 Qb8 20. g4 Rd7 21. Nd5 Nxd5
22. exd5 f6 23. Be3 Rde7 24. Nf4 Bc8 25. b4 f5 26. g5 Kh8 27. a5 b5 28. cxb5
axb5 29. bxc5 Nc4 30. Rxc4 bxc4 31. Bd4 dxc5 32. Bxg7+ Rxg7 33. d6 Qb4 34. Nd5
Qxd2 35. Rxd2 Rd8 36. Nf6 Ra7 37. Rd5 Be6 38. Rxc5 Rxd6 39. Bd5 Bxd5 40. Rc8+
Kg7 41. Ne8+ Kf7 42. Nxd6+ Ke6 43. Nxc4 Bxc4 44. Rxc4 Rxa5 45. h4 Ra7 46. Kg2
Kf7 47. Kg3 Kg7 48. Rc6 h6 49. h5 Ra3+ 50. f3 f4+ 51. Kxf4 hxg5+ 52. Kxg5 Ra5+
53. Kg4 Rxh5 1/2-1/2

[Event "Aeroflot Open B 2015"]
[Site "Moscú RUS"]
[Date "2015.03.28"]
[Round "2.29"]
[White "Gavrilov, Alexei"]
[Black "Ovod, Evgenija"]
[Result "1/2-1/2"]
[WhiteElo "2485"]
[BlackElo "2325"]
[PlyCount "141"]
[EventDate "2015.03.27"]
[EventRounds "9"]
[EventCountry "RUS"]
[Source "lmi"]
[SourceDate "2015.03.27"]

1. d4 d5 2. c4 c6 3. Nc3 Nf6 4. cxd5 cxd5 5. Bf4 a6 6. e3 Nc6 7. Rc1 Bf5 8. Nf3
Rc8 9. Ne5 Nxe5 10. dxe5 Ne4 11. Bd3 e6 12. Bxe4 dxe4 13. Qa4+ Rc6 14. O-O Qc8
15. Ne2 b5 16. Qa5 Bc5 17. a4 Qb7 18. axb5 axb5 19. Nc3 O-O 20. Qxb5 Rc7 21.
Rfd1 Rb8 22. Qe2 h6 23. g4 Bg6 24. h4 Bf8 25. h5 Bh7 26. Rd2 g5 27. hxg6 Bxg6
28. Kg2 Bg7 29. Rh1 Rc5 30. Qd1 Qa8 31. Qg1 Rd8 32. Rxd8+ Qxd8 33. Qh2 f5 34.
gxf5 Bxf5 35. Qg3 Kf7 36. Rh4 Qh8 37. Qh2 Qg8 38. Kh1 Qa8 39. Bxh6 Bxe5 40. Bf4
Qa1+ 41. Kg2 Bxc3 42. bxc3 Qxc3 43. Bg3 Qg7 44. Rf4 Rc1 45. Qh5+ Qg6 46. Qh8
Qf6 47. Qa8 e5 48. Qb7+ Kg6 49. Rxe4 Bxe4+ 50. Qxe4+ Qf5 51. Qxe5 Qxe5 52. Bxe5
Kf5 53. Bd4 Rb1 54. f3 Rb8 55. Bc5 Rb2+ 56. Kg3 Re2 57. Bb6 Ke5 58. Bc7+ Kd5
59. Bf4 Re1 60. Kf2 Ra1 61. Bc7 Ra2+ 62. Kg3 Re2 63. Bb6 Ke5 64. Ba7 Kf5 65.
Bd4 Re1 66. Kf2 Rb1 67. e4+ Kf4 68. Be3+ Ke5 69. Bh6 Rb4 70. Bg7+ Kf4 71. Bh6+
1/2-1/2